ბათუმის შოთა რუსთაველის სახელმწიფო უნივერსიტეტის ბიბლიოთეკა

Kommunikation in Der Landwirtschaft (ბიბ.ჩანაწერი № 49503)

000 -LEADER
fixed length control field 00689nam a2200265Ia 4500
001 - CONTROL NUMBER
control field 16432
003 - CONTROL NUMBER IDENTIFIER
control field GE_BSU
008 - FIXED-LENGTH DATA ELEMENTS--GENERAL INFORMATION
fixed length control field 181216s||||||||xx |||||||||||||| ||und||
020 ## - INTERNATIONAL STANDARD BOOK NUMBER
International Standard Book Number 9783464212349
040 ## - CATALOGING SOURCE
Transcribing agency GE_BSU
080 ## - UNIVERSAL DECIMAL CLASSIFICATION NUMBER
Universal Decimal Classification number 811.112+63
100 ## - MAIN ENTRY--PERSONAL NAME
Personal name Lévy-Hillerich, Dorothea
245 ## - TITLE STATEMENT
Title Kommunikation in Der Landwirtschaft
245 ## - TITLE STATEMENT
Remainder of title Kursbuch
260 ## - PUBLICATION, DISTRIBUTION, ETC.
Place of publication, distribution, etc. German
260 ## - PUBLICATION, DISTRIBUTION, ETC.
Name of publisher, distributor, etc. FRAUS Cornelesan
260 ## - PUBLICATION, DISTRIBUTION, ETC.
Date of publication, distribution, etc. 2009
300 ## - PHYSICAL DESCRIPTION
Extent 173p,ill,26 cm.
300 ## - PHYSICAL DESCRIPTION
Other physical details +1CD-Rom
653 ## - INDEX TERM--UNCONTROLLED
Uncontrolled term Kommunikation in Der Landwirtschaft
653 ## - INDEX TERM--UNCONTROLLED
Uncontrolled term გერმანული ენა
653 ## - INDEX TERM--UNCONTROLLED
Uncontrolled term სოფლის მეურნეობა
942 ## - ADDED ENTRY ELEMENTS (KOHA)
Koha item type წიგნი
ეგზემპლარები
Withdrawn status Lost status Damaged status Not for loan Date acquired Barcode Date last seen Price effective from Koha item type
        2018-12-17 41167 2018-12-17 2018-12-17 წიგნი